| 000 | 01024cab a2200301 4500 | ||
|---|---|---|---|
| 001 | ABS58092 | ||
| 008 | 090401t1997 xxu||||| |||| 00| 0 eng d | ||
| 035 | _a(Sirsi) u82956 | ||
| 041 | _aeng | ||
| 100 | _aSmith, B. | ||
| 245 | _aNegotiating planning gains through the British development control system | ||
| 260 | _c1997 | ||
| 350 | _a0 | ||
| 490 |
_aUrban Studies _v34(12) 1997, 2003-2022(20) |
||
| 520 | _aExamines the scope for using discretion in interpreting planning policy and processing planning applications, over the provision of planning gain. Considers the issues for both developer and planning authority through case studies. References. | ||
| 650 | _aDEVELOPERS | ||
| 650 | _aDEVELOPMENT CONTROL | ||
| 650 | _aDISCRETION | ||
| 650 | _aNEGOTIATION | ||
| 650 | _aPLANNING APPLICATIONS | ||
| 650 | _aPLANNING AUTHORITIES | ||
| 650 | _aPLANNING GAIN | ||
| 650 | _aPLANNING PROCESS | ||
| 690 | _aPLANNING LAW AND PRACTICE | ||
| 700 | _aClaydon, J. | ||
| 942 | _n0 | ||
| 948 | _c06/01/1998 | ||
| 999 |
_c52395 _d52395 |
||